[Event "EU-chT Seniors 15th"]
[Site "Dresden"]
[Date "2013.07.25"]
[Round "6"]
[White "Dahl, Ivar M"]
[Black "Beniest, Rene"]
[Result "1/2-1/2"]
[WhiteElo "2209"]
[BlackElo "2138"]
[PlyCount "47"]
[EventDate "2013.07.20"]
[EventType "team-swiss"]
[EventRounds "9"]
[EventCountry "GER"]
[SourceTitle "CBM 155 Extra"]
[Source "ChessBase"]
[SourceDate "2013.08.26"]
[SourceVersion "1"]
[SourceVersionDate "2013.08.26"]
[SourceQuality "1"]
[WhiteTeam "Blindern Oldtimers"]
[BlackTeam "Belgium II"]
[WhiteTeamCountry "NOR"]
[BlackTeamCountry "BEL"]

1. Nf3 Nf6 2. g3 g6 3. Bg2 c5 4. 0-0 Nc6 5. d4 cxd4 6. Nxd4 Bg7 7. c4 0-0 8. Nc3 Nxd4 9. Qxd4 d6 10. Qd3 Rb8 11. e4 Ng4 12. b3 Qa5 13. Bd2 Qh5 14. h4 Ne5 15. Qe3 Bg4 16. f3 Be6 17. Rad1 Nc6 18. Qg5 Qxg5 19. hxg5 Rfc8 20. Nd5 b5 21. Rc1 Kf8 22. Nf4 Bd7 23. cxb5 Nd4 24. Rxc8+ 1/2-1/2

[Event "EU-chT Seniors 15th"]
[Site "Dresden"]
[Date "2013.07.22"]
[Round "3"]
[White "Titz, Heimo"]
[Black "Dahl, Ivar M"]
[Result "1/2-1/2"]
[WhiteElo "2204"]
[BlackElo "2209"]
[PlyCount "94"]
[EventDate "2013.07.20"]
[EventType "team-swiss"]
[EventRounds "9"]
[EventCountry "GER"]
[SourceTitle "CBM 155 Extra"]
[Source "ChessBase"]
[SourceDate "2013.08.26"]
[SourceVersion "1"]
[SourceVersionDate "2013.08.26"]
[SourceQuality "1"]
[WhiteTeam "Vienna"]
[BlackTeam "Blindern Oldtimers"]
[WhiteTeamCountry "AUT"]
[BlackTeamCountry "NOR"]

1. c4 Nf6 2. g3 g6 3. Bg2 Bg7 4. Nc3 0-0 5. Nf3 c5 6. 0-0 d5 7. cxd5 Nxd5 8. Nxd5 Qxd5 9. d3 Nc6 10. Be3 Qd6 11. Rc1 Nd4 12. Nd2 Bf5 13. Bxb7 Rab8 14. Nc4 Qd7 15. Bg2 Rfd8 16. Re1 e5 17. b3 Bg4 18. Qd2 Rb5 19. f3 Be6 20. Bg5 f6 21. Be3 Bd5 22. Bf2 Qb7 23. e4 Bf7 24. Be3 Qa6 25. f4 Qe6 26. fxe5 fxe5 27. Rf1 Qg4 28. Rf2 Bxc4 29. Rxc4 Rf8 30. Bxd4 exd4 31. Qe2 Qxe2 32. Rxe2 Bh6 33. Bh3 Be3+ 34. Kg2 Kg7 35. Be6 Rb6 36. Bd5 Rbf6 37. Rxc5 Rf2+ 38. Rxf2 Rxf2+ 39. Kh3 h5 40. Rc7+ Kh6 41. e5 Rxa2 42. Rc6 Bg1 43. Bg2 Re2 44. Rc1 Be3 45. Rc6 Bg1 46. Rc1 Be3 47. Rc6 Bg1 1/2-1/2

[Event "NOR-chT Clubs"]
[Site "Drammen"]
[Date "2010.10.09"]
[Round "2.45"]
[White "Steinkellner, Rudolf"]
[Black "Dahl, Ivar M"]
[Result "0-1"]
[WhiteElo "1433"]
[BlackElo "2024"]
[PlyCount "130"]
[EventDate "2010.10.08"]
[EventType "team"]
[EventRounds "6"]
[EventCountry "NOR"]
[SourceTitle "EXT 2015"]
[Source "ChessBase"]
[SourceDate "2014.11.20"]
[SourceVersion "1"]
[SourceVersionDate "2014.11.20"]
[SourceQuality "1"]
[WhiteTeam "Kirkegata"]
[BlackTeam "Barum"]
[WhiteTeamCountry "NOR"]
[BlackTeamCountry "NOR"]

1. e4 e6 2. b3 d5 3. d3 dxe4 4. dxe4 Qxd1+ 5. Kxd1 Nf6 6. Bd3 Bc5 7. Ke2 Nc6 8. c3 0-0 9. Ba3 Bxa3 10. Nxa3 a6 11. f3 e5 12. Ke3 Be6 13. Rd1 Rad8 14. Ne2 b5 15. Nb1 Rd6 16. Bc2 Rfd8 17. Rxd6 Rxd6 18. Rd1 Rxd1 19. Bxd1 Kf8 20. Nd2 Ke7 21. Nc1 Ne8 22. Ne2 Nd6 23. Nc1 f6 24. Ne2 a5 25. Nc1 b4 26. c4 Nb7 27. Ne2 Nc5 28. Nc1 Bf7 29. Nd3 Kd6 30. Nxc5 Kxc5 31. Kd3 Nd4 32. Nf1 Be6 33. Ne3 Bd7 34. Nd5 c6 35. Ne3 Ne6 36. g3 Nd4 37. Nc2 Ne6 38. Ne3 Nf8 39. Be2 Be6 40. Bd1 Kd6 41. Nc2 Nd7 42. Ke3 Nc5 43. Ne1 Bf7 44. Nd3 Ne6 45. Ne1 g5 46. g4 h5 47. Ng2 Nf4 48. Nxf4 exf4+ 49. Kd3 hxg4 50. fxg4 c5 51. h3 Ke5 52. Bf3 Be8 53. Bd1 Bc6 54. Bf3 a4 55. Bg2 a3 56. Bf3 Be8 57. Bg2 Bg6 58. Bf3 Bh7 59. Bg2 f3 60. Bxf3 Kf4 61. Bg2 Kg3 62. Bf1 Kf3 63. Be2+ Kf4 64. Kd2 Bxe4 65. Bd3 Bg2 0-1

[Event "NOR-chT Clubs"]
[Site "Drammen"]
[Date "2010.10.08"]
[Round "1.1"]
[White "Dahl, Ivar M"]
[Black "Gullaksen, Eirik Tvedt"]
[Result "0-1"]
[WhiteElo "2024"]
[BlackElo "2323"]
[PlyCount "120"]
[EventDate "2010.10.08"]
[EventType "team"]
[EventRounds "6"]
[EventCountry "NOR"]
[SourceTitle "EXT 2015"]
[Source "ChessBase"]
[SourceDate "2014.11.20"]
[SourceVersion "1"]
[SourceVersionDate "2014.11.20"]
[SourceQuality "1"]
[WhiteTeam "Barum"]
[BlackTeam "Bergens"]
[WhiteTeamCountry "NOR"]
[BlackTeamCountry "NOR"]

1. Nf3 g6 2. g3 Bg7 3. Bg2 e5 4. 0-0 Nc6 5. c4 d6 6. Nc3 Nge7 7. Rb1 a6 8. b4 Rb8 9. b5 axb5 10. Rxb5 0-0 11. d3 h6 12. Nd5 Bd7 13. Rb1 b6 14. e3 Ra8 15. Qb3 Ra7 16. Nd2 Nxd5 17. cxd5 Ne7 18. a3 Qc8 19. Bb2 Bh3 20. Rfc1 Bxg2 21. Kxg2 f5 22. f3 h5 23. Nc4 Qa8 24. e4 Kh7 25. Rf1 Qe8 26. Bc1 Ng8 27. Bg5 Bf6 28. Bd2 Bg7 29. Qb5 Nf6 30. Qxe8 Rxe8 31. Rb3 Bh6 32. Be1 Nd7 33. Bf2 Rf8 34. Ra1 g5 35. h3 g4 36. hxg4 hxg4 37. fxg4 fxe4 38. dxe4 Nf6 39. Rh1 Kg6 40. Re1 Ra4 41. Rb4 Rfa8 42. Be3 b5 43. Bxh6 Rxb4 44. axb4 Kxh6 45. Ne3 Kg5 46. Rc1 Nxg4 47. Nxg4 Kxg4 48. Rxc7 Ra2+ 49. Kf1 Kf3 50. Ke1 Kxe4 51. Rb7 Kxd5 52. Rxb5+ Kd4 53. Ra5 Rb2 54. Ra4 d5 55. g4 Ke3 56. Ra3+ Kf4 57. g5 Rxb4 58. g6 Rb7 59. Ra6 Kf5 60. Ke2 Rg7 0-1

[Event "EU-chT Seniors 12th"]
[Site "Dresden"]
[Date "2010.02.13"]
[Round "4"]
[White "Hollstein, Joachim"]
[Black "Dahl, Ivar M"]
[Result "0-1"]
[WhiteElo "2020"]
[BlackElo "1949"]
[PlyCount "97"]
[EventDate "2010.02.10"]
[EventType "team-swiss"]
[EventRounds "9"]
[EventCountry "GER"]
[SourceTitle "CBM 134 Extra"]
[Source "ChessBase"]
[SourceDate "2010.03.03"]
[SourceVersion "1"]
[SourceVersionDate "2010.03.03"]
[SourceQuality "1"]
[WhiteTeam "Stiftung BSW/DBAG (Seniors) II"]
[BlackTeam "Blindern Oldtimers (Seniors)"]
[WhiteTeamCountry "GER"]
[BlackTeamCountry "NOR"]

1. d4 e6 2. Nf3 Nf6 3. e3 b6 4. Bd3 Bb7 5. 0-0 c5 6. Nbd2 Nc6 7. c3 Be7 8. e4 d5 9. e5 Nd7 10. Re1 cxd4 11. cxd4 Nb4 12. Bb1 a5 13. a3 Nc6 14. Nf1 b5 15. Be3 Nb6 16. N3d2 Nc4 17. Qg4 Bf8 18. Nxc4 bxc4 19. Bc2 Qb6 20. Rab1 Ba6 21. Red1 Rb8 22. Ng3 g6 23. h4 h5 24. Qh3 Rg8 25. Ne2 Qc7 26. Nf4 Ne7 27. Ne2 Bc8 28. Bd2 Nf5 29. Bxf5 exf5 30. Nf4 Be6 31. Qf3 Qd8 32. Qg3 Be7 33. Qc3 a4 34. g3 Rb3 35. Qa5 Qxa5 36. Bxa5 Kd7 37. Bc3 Bxa3 38. Ra1 Bxb2 39. Bxb2 Rxb2 40. Rxa4 Rgb8 41. Ra7+ R8b7 42. Rxb7+ Rxb7 43. Ra1 Kc6 44. Kf1 Rb2 45. Ra5 Rd2 46. Rc5+ Kb7 47. Ne2 Rd1+ 48. Kg2 Kb6 49. f3 0-1

[Event "EU-chT Seniors 12th"]
[Site "Dresden"]
[Date "2010.02.12"]
[Round "3"]
[White "Dahl, Ivar M"]
[Black "Schroeter, Helmut"]
[Result "1/2-1/2"]
[WhiteElo "1949"]
[BlackElo "2110"]
[PlyCount "46"]
[EventDate "2010.02.10"]
[EventType "team-swiss"]
[EventRounds "9"]
[EventCountry "GER"]
[SourceTitle "CBM 134 Extra"]
[Source "ChessBase"]
[SourceDate "2010.03.03"]
[SourceVersion "1"]
[SourceVersionDate "2010.03.03"]
[SourceQuality "1"]
[WhiteTeam "Blindern Oldtimers (Seniors)"]
[BlackTeam "Dresden TuR (Seniors)"]
[WhiteTeamCountry "NOR"]
[BlackTeamCountry "GER"]

1. Nf3 Nf6 2. c4 d6 3. b4 e5 4. Bb2 Be7 5. e3 0-0 6. Qb3 Bf5 7. d4 exd4 8. Nxd4 Bg6 9. Nf3 Nbd7 10. Nc3 a5 11. a3 c6 12. Be2 axb4 13. axb4 Rxa1+ 14. Bxa1 Qc7 15. 0-0 Ra8 16. Bb2 Ne5 17. Nxe5 dxe5 18. h3 Rd8 19. b5 Nd7 20. Na4 Nc5 21. Nxc5 Bxc5 22. Rd1 f6 23. bxc6 Rxd1+ 1/2-1/2